01161cam a2200277 450000100060000000300080000600500170001400800390003102000290007003500190009904000320011804100110015008200170016110000330017824501610021126000600037230000210043235000250045350000510047850400410052950501960057065000250076665000220079165100380081365100320085124174BD-RjUL20211209001022.0140312s1969 flu b 001 0 eng a0870241273 (v. 1) varies a(BD-RjUL)24240 aDLCcDLCdDLCdBD-RjULbeng1 aengger00a320.943bRIS1 aRitter, Gerhard,d1888-1967.14aThe sword and the scepter :bthe problem of militarism in Germany /cTranslated from the German by Heinz Norden.nVolume IpThe Prussian Tradition 1740-1890 aCoral Gables, Fla. :bUniversity of Miami Press,c1969. a338 p. ;c25 cm. a$15.00 (v. 1) varies aTranslation of Staatskunst und Kriegshandwerk. aIncludes bibliographical references.1 av. 1. The Prussian tradition, 1740-1890.--v. 2. The European powers and the Wilhelminian empire, 1890-1914.--v. 3. The tragedy of statesmanship--Bethmann Hollweg as War Chancellor, 1914-1917. 0aMilitarismzGermany. 0aPolitics and war. 0aGermanyxPolitics and government. 0aGermanyxHistory, Military.